You will never be found / Tove Alsterdal ; English ... Read More
Available copies
- 3 of 3 copies available at LARL/NWRL Consortium. (Show)
- 1 of 1 copy available at Northwest Regional Library.
Current holds
0 current holds with 3 total copies.
Show All Copies
| Location | Call Number / Copy Notes | Barcode | Shelving Location | Status | Due Date |
|---|---|---|---|---|---|
| Thief River Falls Public Library | ALS (Text) | 35500006639163 | Main | Available | - |
Record details
- ISBN: 9780063115118
- ISBN: 0063115115
- Physical Description: 274 pages ; 24 cm
- Edition: First edition.
- Publisher: New York, NY : Harper, an imprint of HarperCollinsPublishers, [2023]
Content descriptions
| General Note: | Originally published as Slukhål in Sweden in 2021 by Lind & Co. |
| Summary, etc.: | While investigating the disappearance of a man ... Read More |
| Language Note: | In English, translated from Swedish. |
Search for related items by subject
| Subject: | Police > Sweden > Fiction. Missing persons > Fiction. |
| Genre: | Psychological fiction. Suspense fiction. Psychological fiction. Thrillers (Fiction) Novels. |
Search for related items by series
| LDR | 01788cam a2200445Ii 4500 | ||
|---|---|---|---|
| 001 | 397509 | ||
| 003 | LARL_NWRL_CONSORTIUM | ||
| 005 | 20230118144506.0 | ||
| 008 | 230103s2023 nyu 000 1 eng d | ||
| 010 | . | ‡abl2022037743 | |
| 040 | . | ‡aNjBwBT ‡beng ‡erda ‡cFFL ‡dFFL ‡dOCO ‡dJVK ‡dYU6 | |
| 020 | . | ‡a9780063115118 ‡q(hardcover) | |
| 020 | . | ‡a0063115115 ‡q(hardcover) | |
| 035 | . | ‡a(OCoLC)1356727910 | |
| 041 | 1 | . | ‡aeng ‡hswe |
| 043 | . | ‡ae-sw--- | |
| 082 | 0 | 4. | ‡a839.73/8 ‡223/eng/20221129 |
| 100 | 1 | . | ‡aAlsterdal, Tove, ‡d1960- ‡eauthor. |
| 240 | 1 | 0. | ‡aSlukhål. ‡lEnglish |
| 245 | 1 | 0. | ‡aYou will never be found / ‡cTove Alsterdal ; English translation by Alice Menzies. |
| 250 | . | ‡aFirst edition. | |
| 264 | 1. | ‡aNew York, NY : ‡bHarper, an imprint of HarperCollinsPublishers, ‡c[2023] | |
| 300 | . | ‡a274 pages ; ‡c24 cm | |
| 336 | . | ‡atext ‡btxt ‡2rdacontent | |
| 337 | . | ‡aunmediated ‡bn ‡2rdamedia | |
| 338 | . | ‡avolume ‡bnc ‡2rdacarrier | |
| 490 | 0 | . | ‡aHigh coast ; ‡v2 |
| 500 | . | ‡aOriginally published as Slukhål in Sweden in 2021 by Lind & Co. | |
| 520 | . | ‡aWhile investigating the disappearance of a man reported missing by his wife, police officer Eira Sjödin, knowing the pain of loss, loses herself in an affair with her boss until he, too, disappears, leaving her at the mercy of an elusive perpetrator--and a love she can no longer deny. | |
| 546 | . | ‡aIn English, translated from Swedish. | |
| 650 | 0. | ‡aPolice ‡zSweden ‡vFiction. | |
| 650 | 0. | ‡aMissing persons ‡vFiction. ‡0(LARL_NWRL_CONSORTIUM)165976 | |
| 655 | 0. | ‡aPsychological fiction. | |
| 655 | 0. | ‡aSuspense fiction. | |
| 655 | 7. | ‡aPsychological fiction. ‡2lcgft | |
| 655 | 7. | ‡aThrillers (Fiction) ‡2lcgft | |
| 655 | 7. | ‡aNovels. ‡2lcgft | |
| 700 | 1 | . | ‡aMenzies, Alice, ‡etranslator. |
| 901 | . | ‡a397509 ‡bOCoLC ‡c397509 ‡tbiblio ‡soclc | |

Add to basket
Permalink
Disable Highlighting